The biological mechanisms controlling Hevea brasiliensis rubber yield (Record no. 70480)

MARC details
000 -LEADER
fixed length control field 00707nam a2200217Ia 4500
100 ## - MAIN ENTRY--AUTHOR NAME
Personal name Jacob J-L
245 #4 - TITLE STATEMENT
Title The biological mechanisms controlling Hevea brasiliensis rubber yield
260 ## - PUBLICATION, DISTRIBUTION, ETC. (IMPRINT)
Name of publisher IRRDB Symposium on Natural rubber(Hevea brasiliensis) V.II: Physiology and Exlpoitation and Crop Protection and Planting Methods Sessions, Vietnam, 14-15 October 1997; p1-11
650 ## - SUBJECT ADDED ENTRY--TOPICAL TERM
Topical Term Hevea brasiliensis
650 ## - SUBJECT ADDED ENTRY--TOPICAL TERM
Topical Term Latex regeneration
650 ## - SUBJECT ADDED ENTRY--TOPICAL TERM
Topical Term Rubber yield
700 ## - ADDED ENTRY--PERSONAL NAME
Personal name Clement A
700 ## - ADDED ENTRY--PERSONAL NAME
Personal name Gallois R
700 ## - ADDED ENTRY--PERSONAL NAME
Personal name Gohet E
700 ## - ADDED ENTRY--PERSONAL NAME
Personal name Joet T
700 ## - ADDED ENTRY--PERSONAL NAME
Personal name Lacote R
700 ## - ADDED ENTRY--PERSONAL NAME
Personal name Prevot J B
700 ## - ADDED ENTRY--PERSONAL NAME
Personal name Pujad......
942 ## - ADDED ENTRY ELEMENTS (KOHA)
Koha item type Journals
Holdings
Withdrawn status Lost status Damaged status Not for loan Home library Current library Shelving location Date acquired Koha item type
      Journals RRII Library RRII Library Physiology 17/12/2021 Journals